| 000 | 01060cam a2200349 i 4500 | ||
|---|---|---|---|
| 001 | 3302 | ||
| 003 | FISKH | ||
| 005 | 20240226112847.0 | ||
| 008 | 811001s1981 nyua j 000 1 eng | ||
| 010 | _a 80028425 | ||
| 020 | _a0688004776 | ||
| 020 | _a0688004784 (lib. bdg.) | ||
| 020 | _a046594004956 | ||
| 040 |
_aDLC _beng _cDLC _dDLC |
||
| 042 | _alcac | ||
| 050 | 0 | 0 |
_aPZ7.C5792 _bRais |
| 082 | 0 | 0 |
_a[Fic] _219 |
| 100 | 1 | _aCleary, Beverly. | |
| 245 | 1 | 0 |
_aRamona Quimby, age 8 / _cBeverly Cleary ; illustrated by Alan Tiegreen. |
| 250 | _aThis edition published in 1992 | ||
| 260 |
_aNew York : _bAvon Books, _c1981. |
||
| 300 |
_a190 pages : _billustrations ; _c20 cm |
||
| 505 | _aW | ||
| 520 | _aThe further adventures of the Quimby family as Ramona enters the third grade. | ||
| 521 | 8 |
_a860
_bLexile |
|
| 521 | 8 |
_aW
_bRaz-Plus |
|
| 650 | 1 |
_aFamily life _vFiction. |
|
| 650 | 1 |
_aSchools _vFiction. |
|
| 700 | 1 |
_aTiegreen, Alan. _eillustrator |
|
| 906 |
_a7 _bcbc _corignew _d1 _eocip _f19 _gy-gencatlg |
||
| 942 |
_2ddc _cBK _n0 |
||
| 999 |
_c3302 _d3302 |
||